| 000 | 00537nam a2200169 4500 | ||
|---|---|---|---|
| 005 | 20260310121438.0 | ||
| 008 | 260310b |||||||| |||| 00| 0 eng d | ||
| 020 | _a978-93-91558-29-1 | ||
| 041 | _aMarathi | ||
| 082 | _aX 891 MOD B12292 | ||
| 100 |
_aमोडक, अशोक _9216910 |
||
| 245 | _aस्वामी विवेकानंद चिरंतन चैतन्याचा स्रोत | ||
| 260 |
_aPune _bBharatiya Vichar Sadhana _c2021 |
||
| 300 |
_a148p _bpb |
||
| 365 |
_aRupaye _b150 _cINR |
||
| 942 | _cBK | ||
| 999 |
_c370645 _d370645 |
||